Normal view
MARC view
- Puccio Gregorio
Entry Personal Name
001 - CONTROL NUMBER
- control field: 15142
003 - CONTROL NUMBER IDENTIFIER
- control field: IT-RoPau
005 - DATE AND TIME OF LATEST TRANSACTION
- control field: 20140304101357.0
008 - FIXED-LENGTH DATA ELEMENTS
- fixed length control field: 140304|| aca||aabn | a|a d
040 ## - CATALOGING SOURCE
- Original cataloging agency: IT-RoPau
- Transcribing agency: IT-RoPau
100 ## - HEADING--PERSONAL NAME
- Personal name: Puccio Gregorio
- Relator term: Autore
- Miscellaneous information: Codice autore SPICS: 11508
670 ## - SOURCE DATA FOUND
- Source citation: Work cat.: (IT-RoPau)101344: Cento Giosy 1580, E' il giorno del Signore